Building a safer future (Record no. 116145)
[ view plain ]
| 000 -LEADER | |
|---|---|
| fixed length control field | 01719cam a2200265 4500 |
| 001 - CONTROL NUMBER | |
| control field | L159906 |
| 008 - FIXED-LENGTH DATA ELEMENTS--GENERAL INFORMATION | |
| fixed length control field | 020301n2017 000 0 eng u |
| 020 ## - INTERNATIONAL STANDARD BOOK NUMBER | |
| International Standard Book Number | 9781528601283 |
| 035 ## - SYSTEM CONTROL NUMBER | |
| System control number | (Sirsi) u159906 |
| 041 ## - LANGUAGE CODE | |
| Language code of text/sound track or separate title | eng. |
| 050 ## - LIBRARY OF CONGRESS CALL NUMBER | |
| Classification number | 692.21 |
| 110 ## - MAIN ENTRY--CORPORATE NAME | |
| Corporate name or jurisdiction name as entry element | Ministry of Housing, Communities and Local Government |
| 9 (RLIN) | 6195 |
| 245 ## - TITLE STATEMENT | |
| Title | Building a safer future |
| Remainder of title | Independent review of building regulations and fire safety |
| -- | Interim report |
| Medium | [electronic resource] |
| 260 ## - PUBLICATION, DISTRIBUTION, ETC. | |
| Place of publication, distribution, etc. | London |
| Name of publisher, distributor, etc. | Stationery Office |
| Date of publication, distribution, etc. | 2017 |
| 505 2# - FORMATTED CONTENTS NOTE | |
| Formatted contents note | A personal view from Dame Judith Hackitt -- Summary -- Findings and direction of travel -- A brief history of the current regulatory system -- The current regulatory landscape -- Gathering stakeholder evidence -- International systems for building regulation and fire safety -- Appendices |
| 520 ## - SUMMARY, ETC. | |
| Summary, etc. | Aims to make recommendations that will ensure there is a sufficiently robust regulatory system for the future and provide further assurance to residents that the buildings they live in are safe and will remain so. This interim report sets out the findings to date and the direction of travel for the final report. |
| 650 ## - SUBJECT ADDED ENTRY--TOPICAL TERM | |
| Topical term or geographic name entry element | FIRE PREVENTION |
| 650 ## - SUBJECT ADDED ENTRY--TOPICAL TERM | |
| Topical term or geographic name entry element | Health and safety |
| 9 (RLIN) | 6244 |
| 650 ## - SUBJECT ADDED ENTRY--TOPICAL TERM | |
| Topical term or geographic name entry element | Building regulations |
| 9 (RLIN) | 6224 |
| 651 #4 - SUBJECT ADDED ENTRY--GEOGRAPHIC NAME | |
| Geographic name | ENGLAND AND WALES |
| 700 1# - ADDED ENTRY--PERSONAL NAME | |
| Personal name | Hackitt, Judith |
| 856 40 - ELECTRONIC LOCATION AND ACCESS | |
| Uniform Resource Identifier | <a href="https://www.gov.uk/government/uploads/system/uploads/attachment_data/file/668831/Independent_Review_of_Building_Regulations_and_Fire_Safety_web_accessible.pdf">https://www.gov.uk/government/uploads/system/uploads/attachment_data/file/668831/Independent_Review_of_Building_Regulations_and_Fire_Safety_web_accessible.pdf</a> |
| Public note | View the interim report at www.gov.uk |
| 856 40 - ELECTRONIC LOCATION AND ACCESS | |
| Uniform Resource Identifier | <a href="https://www.gov.uk/government/publications/independent-review-of-building-regulations-and-fire-safety-interim-report">https://www.gov.uk/government/publications/independent-review-of-building-regulations-and-fire-safety-interim-report</a> |
| Public note | View the interim report at www.gov.uk |
| 942 ## - ADDED ENTRY ELEMENTS (KOHA) | |
| Suppress in OPAC | 0 |
| Withdrawn status | Lost status | Source of classification or shelving scheme | Damaged status | Not for loan | Home library | Current library | Shelving location | Date acquired | Total Checkouts | Full call number | Barcode | Date last seen | Copy number | Price effective from | Koha item type |
|---|---|---|---|---|---|---|---|---|---|---|---|---|---|---|---|
| Dewey Decimal Classification | Virtual | Virtual | Online | 23/03/2018 | ONLINE PUBLICATION | 159906-2001 | 06/08/2019 | 1 | 06/08/2019 | Book |